Local scour around circular piers /
Saved in:
| Main Author: | |
|---|---|
| Format: | Thesis Book |
| Language: | English |
| Published: |
Bangkok :
Asian Institute of Technology,
1980
|
| Series: | Thesis (Asian Institute of Technology) ;
no.WA-79-27 |
| Subjects: | |
| Tags: |
Add Tag
No Tags, Be the first to tag this record!
|
| LEADER | 00937cam a2200289 4500 | ||
|---|---|---|---|
| 001 | u36494 | ||
| 003 | SIRSI | ||
| 008 | 850531s1980 th v 0 eng | ||
| 015 | |a X850002815 | ||
| 035 | |a AAD-9290 | ||
| 040 | |a UMM | ||
| 050 | 0 | |a TG320 | |
| 090 | |a TG320 |b Che | ||
| 100 | 1 | 0 | |a Chen, A-Han |
| 245 | 1 | 0 | |a Local scour around circular piers / |c by Chen A-Han |
| 260 | |a Bangkok : |b Asian Institute of Technology, |c 1980 | ||
| 300 | |a ix, 66 leaves : |b ill. ; |c 28cm | ||
| 490 | 1 | |a Thesis |c Asian Institute of Technology |v no.WA-79-27 | |
| 500 | |a Photocopy | ||
| 502 | |a Dissertation (M. Eng.) - Asian Institute of Technology, 1980 | ||
| 504 | 0 | 0 | |a Bibliography: leaves 30-32 |
| 650 | 0 | |a Scour at bridges | |
| 650 | 0 | |a Piers | |
| 830 | 0 | |a Thesis (Asian Institute of Technology) ; |v no.WA-79-27 | |
| 948 | |a 16/03/1991 |b 06/06/2002 | ||
| 596 | |a 1 | ||
| 999 | |a TG320 CHE |w LC |c 1 |i A002760098 |d 9/5/2002 |l STACKS |m P01UTAMA |n 4 |r Y |s Y |t TESIS |u 30/1/1992 | ||
